{"text_format":"3","workbook":"xls","n_sheets":4,"sheets":["保洁用品","报价单","Sheet1","Sheet2"],"not_rendered":{"external_links":1},"read":"whole","date_system":"1900","formulas":"cached_only"}

{"sheet":"保洁用品","index":0,"n_rows":31,"n_cols":9,"rows_kept":31,"merged":[[0,0,0,8],[30,0,30,8]],"flags":["formulas_cached_only"]}
["福建中医药大学后勤管理处集中采购物品评选结果表"]
["分类","序号","货物名称","规格","单位","数量","单价（元）","小计（元）","供货方"]
["1.卫生用品",7,"大垃圾桶","125L","个",15,38,570,"林廷百货"]
["1.卫生用品",10,"钢丝球",null,"个",12,0.8,9.6,"林廷百货"]
["1.卫生用品",13,"抹布",null,"块",50,0.5,25,"林廷百货"]
["1.卫生用品",19,"拖把桶",null,"个",60,15.5,930,"林廷百货"]
["1.卫生用品",20,"卫生球",null,"粒",120,1.5,180,"林廷百货"]
["1.卫生用品",25,"雨衣","S","套",1,37,37,"林廷百货"]
["1.卫生用品",26,"纸篓","27*25","个",746,2.5,1865,"林廷百货"]
["1.卫生用品",27,"竹扫",null,"把",33,6.5,214.5,"林廷百货"]
["1.卫生用品",1,"白拖把",null,"把",168,4,672,"林敏塑料店"]
["1.卫生用品",2,"布拖（布头）","宽60CM*15CM","个",5,18,90,"林敏塑料店"]
["1.卫生用品",3,"厕刷",null,"把",219,1.6,350.4,"林敏塑料店"]
["1.卫生用品",4,"大布拖","110cm","套",54,36,1944,"林敏塑料店"]
["1.卫生用品",5,"大布拖",90,"把",40,30,1200,"林敏塑料店"]
["1.卫生用品",6,"大垃圾袋","80*90","500个/袋",67,2.2,147.4,"林敏塑料店"]
["1.卫生用品",8,"大铁畚斗",null,"个",15,18,270,"林敏塑料店"]
["1.卫生用品",9,"地刷",null,"把",80,3.5,280,"林敏塑料店"]
["1.卫生用品",11,"户外垃圾桶","60L","个",15,62,930,"林敏塑料店"]
["1.卫生用品",12,"毛扫把",null,"把",150,7,1050,"林敏塑料店"]
["1.卫生用品",14,"纱手套",null,"打",160,8,1280,"林敏塑料店"]
["1.卫生用品",15,"水桶",null,"个",125,4.6,575,"林敏塑料店"]
["1.卫生用品",16,"塑料畚斗",null,"个",138,3.7,510.6,"林敏塑料店"]
["1.卫生用品",17,"塑料扫把",null,"把",861,2.6,2238.6,"林敏塑料店"]
["1.卫生用品",18,"塑料手套",null,"付",150,3.7,555,"林敏塑料店"]
["1.卫生用品",21,"洗衣粉",null,"袋",305,1.8,549,"林敏塑料店"]
["1.卫生用品",22,"小垃圾袋","45*55","箱",71,"1.2*59；1.6*12",90,"林敏塑料店"]
["1.卫生用品",23,"小棉拖把",null,"把",790,4,3160,"林敏塑料店"]
["1.卫生用品",24,"小铁畚斗",null,"个",504,3.4,1713.6,"林敏塑料店"]
["1.卫生用品",28,"竹枝",null,"捆",20,18,360,"林敏塑料店"]
["合计金额：21796.7元"]

{"sheet":"报价单","index":1,"n_rows":102,"n_cols":7,"rows_kept":102,"merged":[[0,0,0,6]],"flags":["formulas_cached_only"]}
["维修材料投标报价清单"]
["序号","货物名称","品牌","规格","单位"," 数量"," 单价（元）"]
[1,"电子镇流器（短）","飞利浦","EB-C136TLD22036W","个 ",200]
[2,"36W日光灯管（T8)","飞利浦","T8","个",500]
[3,"LED灯泡","飞利浦","5W","个",1000]
[4,"11W/2U 节能灯","飞利浦","E27-220V/240V","个",500]
[5,"环型吸顶灯管","飞利浦","32W","个",500]
[6,"热水器混水阀","新时代",2861,"个",200]
[7,"LED-T5一体灯"," 欧普","120cm","条",200]
[8,"三角阀","新时代",16,"个",100]
[9,"水龙头","新时代",1313,"个",100]
[10,"五孔插座","鸿雁","10A/220V","个",200]
[11,"BV2.5铜芯线","南平太阳","2.5MM2","百米",30]
[12,"BVV2.5铜芯线","南平太阳","2*2.5","百米",30]
[13,"单极空开                ","正泰","DZ47-20A","个",100]
[14,"双极空开","正泰","DZ47-20A","个",100]
[15,"三极空气开关","正泰","DZ47-32A","个",100]
[16,"漏电保护开关","正泰","DZ47LE-32A/2P","个",100]
[17,"喷淋头","埃美柯","热水器","个",200]
[18,"LED吸顶灯","卓睿","12W","个",200]
[19,"一拖二电子镇流器","飞利浦","36W","个",100]
[20,"电感日光灯镇流器","飞利浦","40W/YZBK-40 ","个",100]
[21,"电子镇流器","飞利浦","20W","个 ",100]
[22,"BV1.5铜芯线       ","南平太阳牌","1.5MM","百米",30]
[23,"BV4铜芯线","南平太阳牌","4MM","百米",30]
[24,"BV6铜芯线","南平太阳牌","6MM","百米",30]
[25,"BV10铜芯线","南平太阳牌","10MM","百米",10]
[26,"YZ2*2.5铜芯橡皮线","南平太阳牌","2.5MM","百米",10]
[27,"YZ2*4铜芯橡皮线","南平太阳牌","4MM","百米",10]
[28,"YZ3*2.5铜芯橡皮线","南平太阳牌","2.5MM","百米",10]
[29,"YZ3*4铜芯橡皮线","南平太阳牌","4MM","百米",10]
[30,"20W日光灯管（T8)","飞利浦","T8","个",100]
[31,"32W全螺旋节能灯","飞利浦","E27-220V/240V","个",100]
[32,"5W/2U节能灯","飞利浦","E27-220V/240V","个",100]
[33,"18W3U节能灯","飞利浦","E27-220V/240V","个",100]
[34,"LED灯泡","飞利浦","9W","个",100]
[35,"LED灯泡","飞利浦","18W","个",100]
[36,"热水器单向阀","埃美柯","0.7mpq","个",30]
[37,"水龙头","新时代","加长  1306","个",50]
[38,"水龙头（带弯头）","新时代",16,"个",50]
[39,"水龙头","春洪","带钥匙 DN-15","个",50]
[40,"洗手盆水龙头","新时代","长  1306","个",50]
[41,"洗手盆水龙头","新时代","短  1301","个",50]
[42,"单开关面板","鸿雁","10A","个",50]
[43,"双开关面板","鸿雁","10A","个",50]
[44,"三开关面板","鸿雁","10A","个",50]
[45,"三孔插座","鸿雁","16A/220V","个",50]
[46,"高压钠灯泡","亚明","NG150W","个",50]
[47,"金卤灯","亚明","NG250W","个",50]
[48,"高压钠灯镇流器","亚明","150W","个",50]
[49,"金卤灯镇流器","亚明","250W","个",50]
[50,"微电脑时控开关","正泰","KG-316T","个",50]
[51,"光声控开关","松下","10A/220V","个",50]
[52,"声控开关","松下","10A/220V","个",50]
[53,"单相电度表","正泰","电子式5（20）A","台",30]
[54,"单相电度表","正泰","电子式10（40）A","台",30]
[55,"三相电度表","正泰","电子式10（40）A ","台",30]
[56,"三相电度表","正泰","电子式20（80）A","台",30]
[57,"三相四线电度表","正泰","电子式3（6）A","台",30]
[58,"混水阀","埃美柯","热水器","个",100]
[59,"单向阀","埃美柯","热水器","个",50]
[60,"球阀","埃美柯","D15","个",50]
[61,"球阀","埃美柯","D20","个",50]
[62,"球阀","埃美柯","D32","个",50]
[63,"闸阀","埃美柯","　DN15","个",50]
[64,"闸阀","埃美柯","DN20","个",50]
[65,"闸阀","埃美柯","DN25","个",50]
[66,"水表","福达","DN15","个",30]
[67,"水表","福达","DN20","个",30]
[68,"水表","福达","DN25","个",30]
[69,"水表","福达","DN32","个",30]
[70,"水表","福达","DN40","个",30]
[71,"水表","福达","DN50","个",20]
[72,"水表","福达","DN100","个",20]
[73,"自闭阀","埃美柯","DN32","个",30]
[74,"波纹管","九牧","60CM","条",50]
[75,"波纹管","九牧","80CM","条",50]
[76,"LED-T8一体灯","  欧普","60厘米","条",500]
[77,"LED-T8一体灯","  欧普","90厘米","条",500]
[78,"LED-T8一体灯","  欧普","120厘米","条",500]
[79,"单相工业排气扇","梁田","14寸，FA-35","台",20]
[80,"电工塑料胶布","电老虎",null,"个",100]
[81,"排气扇","正野","DA02-16","台",30]
[82,"波纹管","九牧","40CM","条",50]
[83,"1开三孔插座","鸿雁","16A/220V","个",50]
[84,"1开五孔插座","鸿雁","10A/220V","个",50]
[85,"执手窗扣","新业",null,"个",50]
[86,"执手门锁","尊宝","Q756813N/GP","把",50]
[87,"门碰","唐人街",30313,"个",50]
[88,"排水管","过江龙",null,"支",100]
[89,"洗手盆落水口","新时代",null,"个",50]
[90,"不锈钢落水口","新时代",null,"个",50]
[91,"LED体感吸顶灯","卓睿","7W","盏",50]
[92,"LED吸顶灯光源","卓睿","10W","片",100]
[93,"自攻螺丝","晋亿","M2.5*20","盒",30]
[94,"自攻螺丝","晋亿","M3.5*20","盒",30]
[95,"自攻螺丝","晋亿","M4.5*20","盒",30]
[96,"玻璃胶","千里马",null,"支",100]
[97,"网络线","太阳牌","超五类线","百米",300]
[98,"电话线","太阳牌","两芯","百米",100]
[99,"生料带","埃美柯",null,"个",100]
[100,"球锁","玥玛",null,"把",100]

{"sheet":"Sheet1","index":2,"n_rows":0,"n_cols":0,"rows_kept":0,"flags":["formulas_cached_only"]}

{"sheet":"Sheet2","index":3,"n_rows":0,"n_cols":0,"rows_kept":0,"flags":["formulas_cached_only"]}